A Note on the use of the Brookfield RVF viscometer with thickening agent dispersions (Record no. 46220)

MARC details
000 -LEADER
fixed length control field 00385nam a2200121Ia 4500
100 ## - MAIN ENTRY--AUTHOR NAME
Personal name Runikis JO
245 #2 - TITLE STATEMENT
Title A Note on the use of the Brookfield RVF viscometer with thickening agent dispersions
260 ## - PUBLICATION, DISTRIBUTION, ETC. (IMPRINT)
Name of publisher Journal of the American Pharmaceutical Association
Year of publication 10
700 ## - ADDED ENTRY--PERSONAL NAME
Personal name Hall NathanA
700 ## - ADDED ENTRY--PERSONAL NAME
Personal name Rising L.Wait
942 ## - ADDED ENTRY ELEMENTS (KOHA)
Koha item type Reprints
Holdings
Withdrawn status Lost status Damaged status Not for loan Home library Current library Date acquired Serial Enumeration / chronology Koha item type
      Reprints RRII Library RRII Library 22/12/2021 Volume XLVII, Issue 1958 Reprints